Statistics for Star Wars:Planets

Click here to take the quiz!

General Stats

  • This quiz has been taken 21 times
  • The average score is 11 of 16

Answer Stats

HintAnswer% Correct
Where Master Yoda trains Luke Skywalker in the ways of the force.Dagobah
90%
A Wampa captures Luke on this planet.Hoth
90%
Where Anakin and Padme secretly marryNaboo
86%
The Pod Race from Episode 1: The Phantom Menace happens here.Tatooine
86%
Tarkin makes Leia watch this planet explode.Alderaan
81%
Location of the Jedi Temple.Coruscant
76%
Wicket Wystri Warrick's home planet.Endor
76%
Anakin and Obi-Wan battle each other on this planet.Mustafar
76%
Cloud City is located within.Bespin
71%
Cloning facility located beyond the Rishi Maze.Kamino
67%
Wookies home planet.Kashyyyk
62%
Archduke Poggle the Lesser's home planet.Geonosis
57%
Obi-Wan kills General Grievous on this planet.Utapau
57%
Gas giants with 26 moons.Yavin
43%
Ki-Adi-Mundi is killed here during order 66.Mygeeto
38%
Aayla Secura is killed here during order 66.Felucia
33%

Score Distribution

Percentile by Number Answered

Percent of People with Each Score

Your Score History

You have not taken this quiz